<?xml version="1.0" encoding="UTF-8"?>
<record
    xmlns:xsi="http://www.w3.org/2001/XMLSchema-instance"
    xsi:schemaLocation="http://www.loc.gov/MARC21/slim http://www.loc.gov/standards/marcxml/schema/MARC21slim.xsd"
    xmlns="http://www.loc.gov/MARC21/slim">

  <leader>01127nam a22002417a 4500</leader>
  <controlfield tag="005">20131112174419.0</controlfield>
  <controlfield tag="008">131112b2007    ck ||||| |||| 00| 0 spa d</controlfield>
  <datafield tag="041" ind1=" " ind2=" ">
    <subfield code="a">spa</subfield>
  </datafield>
  <datafield tag="044" ind1=" " ind2=" ">
    <subfield code="a">ck</subfield>
  </datafield>
  <datafield tag="090" ind1=" " ind2=" ">
    <subfield code="a">IAVH</subfield>
    <subfield code="b">01461</subfield>
  </datafield>
  <datafield tag="100" ind1="1" ind2=" ">
    <subfield code="a">Cano-Correa, Claudia</subfield>
    <subfield code="9">429</subfield>
  </datafield>
  <datafield tag="245" ind1="1" ind2=" ">
    <subfield code="a">K&#xE1;ulayawa : Complejo ceremonial relacionado con la fertilidad y la actividad agr&#xED;cola entre los Way&#xFA;u del &#xE1;rea de la Makuira (La Guajira-Colombia</subfield>
    <subfield code="c">Claudia Cano Correa ... [et al.]</subfield>
  </datafield>
  <datafield tag="260" ind1=" " ind2=" ">
    <subfield code="a">Bogot&#xE1;</subfield>
    <subfield code="b">Instituto de Investigaci&#xF3;n de Recursos Biol&#xF3;gicos Alexander von Humboldt</subfield>
    <subfield code="c">2007</subfield>
  </datafield>
  <datafield tag="300" ind1=" " ind2=" ">
    <subfield code="a">68 p.</subfield>
    <subfield code="b">mapas</subfield>
    <subfield code="c">28 cm.</subfield>
  </datafield>
  <datafield tag="500" ind1=" " ind2=" ">
    <subfield code="a">Informe Final convenio espec&#xED;fico de cooperaci&#xF3;n t&#xE9;cnica No.06-05-12-0634CE - Instituto Humboldt y Fundaci&#xF3;n Tropenbos</subfield>
  </datafield>
  <datafield tag="650" ind1=" " ind2=" ">
    <subfield code="a">Cultura y Religi&#xF3;n</subfield>
    <subfield code="z">Way&#xFA;u (Cultura, Colombia)</subfield>
    <subfield code="9">2488</subfield>
  </datafield>
  <datafield tag="650" ind1=" " ind2=" ">
    <subfield code="a">Costumbres y tradiciones</subfield>
    <subfield code="x">Way&#xFA;u (Cultura)</subfield>
    <subfield code="z">Makuira (Colombia)</subfield>
    <subfield code="9">2489</subfield>
  </datafield>
  <datafield tag="650" ind1=" " ind2=" ">
    <subfield code="a">Agricultura</subfield>
    <subfield code="x">Way&#xFA;u (Cultura)</subfield>
    <subfield code="z">Makuira (Colombia)</subfield>
    <subfield code="9">2490</subfield>
  </datafield>
  <datafield tag="700" ind1=" " ind2=" ">
    <subfield code="a">Hammen-Melo, Mar&#xED;a Claudia van der</subfield>
    <subfield code="9">2491</subfield>
  </datafield>
  <datafield tag="700" ind1=" " ind2=" ">
    <subfield code="a">Arbel&#xE1;ez Albornoz, Camilo</subfield>
    <subfield code="9">2492</subfield>
  </datafield>
  <datafield tag="700" ind1=" " ind2=" ">
    <subfield code="a">Montes, Andr&#xE9;s</subfield>
    <subfield code="9">2493</subfield>
  </datafield>
  <datafield tag="942" ind1=" " ind2=" ">
    <subfield code="2">lcc</subfield>
    <subfield code="c">Impreso</subfield>
  </datafield>
  <datafield tag="999" ind1=" " ind2=" ">
    <subfield code="c">7778</subfield>
    <subfield code="d">7778</subfield>
  </datafield>
</record>
